000 01169cad a22002055a 4500
001 L156768
008 120711e2012 xxk 000 0 eng d
035 _a(Sirsi) u156768
041 0 _aeng
110 2 _aUnited Kingdom
_bDepartment for Environment, Food and Rural Affairs
245 0 0 _aProgress on affordable flood insurance
_h[electronic resource]
260 _aLondon
_bDEFRA
_c2012
490 _aDEFRA News Release
_v11 July 2012
520 _aThe UK Government and insurance industry are continuing to make progress towards a new agreement for the future of flood insurance. The new approach aims to improve upon the current agreement as most insurance companies already raise a small sum from policy holders to cover the cost of insuring homes at high risk of flooding. The insurance industry has asked the government to formalise this arrangement so all households can continue to get affordable insurance.
590 _aKA
690 _aHydrography
_96245
690 _aResidential property
_96266
856 4 0 _uhttps://www.defra.gov.uk/news/2012/07/11/progress-on-affordable-flood-insurance/
_zView the item free of charge at www.defra.gov.uk
942 _n0
999 _c84147
_d84147